000
00308nam a2200133Ia 4500
100
_a
Rase/ H.F
942
_c
BK
654
_a
Process plants Design
245
_a
Piping designs for Process Plants
260
_b
John Wiley & Sons
_a
New York
_c
1976
082
_a
621.8672
300
_a
295
546
_a
ENGLISH
999
_c
28575
_d
28575